| 000 | 00495nam a2200193Ia 4500 | ||
|---|---|---|---|
| 008 | 151121s9999||||xx |||||||||||||| ||und|| | ||
| 082 | _a823/Chu | ||
| 082 | _bHNW-69024 | ||
| 100 | _aChukhontsev Oleg--Ed। | ||
| 245 | _aLeopard--I Dissonan Voices | ||
| 260 | _bHarvill | ||
| 260 | _c-- | ||
| 300 | _a447 | ||
| 600 | _aChukhontsev Oleg--Ed। | ||
| 630 | _aLeopard--I Dissonan Voices | ||
| 700 | _aChukhontsev Oleg--Ed। | ||
| 730 | _aLeopard--I Dissonan Voices | ||
| 942 | _cBOOK | ||
| 999 |
_c1250513 _d1250510 |
||